000
00327nam a2200145Ia 4500
100
_a
Nangle/ Mathew
942
_c
BK
654
_a
Network protocol handbook
245
_a
Network Protocol Handbook
260
_b
Mc Graw Hill
_a
New york
_c
1994
082
_a
4.62
_b
NAM
300
_a
521
546
_a
ENGLISH
999
_c
24973
_d
24973